| 000 | 01038cam a2200301 a 4500 | ||
|---|---|---|---|
| 001 | 000017451 | ||
| 005 | 20200929165122.0 | ||
| 008 | 830118s1983 mnu b s001 0 eng | ||
| 020 | _a0816612064 | ||
| 035 | _a(DLC) 83001127 | ||
| 040 |
_aDO-SdBNP _beng _cDLC _dDLC _dOCoLC _dBNPHU |
||
| 050 | 0 | 0 |
_aPN98.D43 _bY34 1983 |
| 082 |
_aNN _bY17d |
||
| 245 | 0 | 4 |
_aThe Yale critics : _bdeconstruction in America / _ceditores Jonathan Arac, Wlad Godzich, Wallace Martin. |
| 260 |
_aMinneapolis : _bUniversity of Minnesota Press, _cc1983. |
||
| 300 |
_axxxvii, 222 p. ; _c23 cm. |
||
| 490 | 1 |
_aTheory and history of literature _v6 |
|
| 504 | _aIncluye bibliografía: [201]-212 e índice. | ||
| 650 | 0 |
_aDeconstruction. _938155 |
|
| 650 | 0 |
_aCriticism _zUnited States. _938156 |
|
| 700 | 1 |
_aArac, Jonathan, _d1945- _938157 |
|
| 700 | 1 |
_aGodzich, Wlad. _938158 |
|
| 700 | 1 |
_aMartin, Wallace. _938159 |
|
| 830 | 0 |
_aTheory and history of literature ; _v6 _938160 |
|
| 910 | _aCatalogación derivada | ||
| 049 | _aBNGR | ||
| 082 | 0 | 0 |
_a801.95/0973 _219 |
| 999 |
_c16976 _d16976 |
||